[Event "Bozen op"]
[Site "Bozen"]
[Date "1998.06.14"]
[Round "3"]
[White "Trabert, Bettina"]
[Black "Belotti, Bruno"]
[Result "1/2-1/2"]
[WhiteElo "2200"]
[BlackElo "2420"]
[PlyCount "77"]
[EventDate "1998.06.13"]
[Source "ChessBase"]
[SourceDate "1999.11.18"]

1. e4 c5 2. c3 Nf6 3. e5 Nd5 4. d4 cxd4 5. Nf3 e6 6. cxd4 d6 7. a3 Nd7 8. Bd3
Qc7 9. O-O dxe5 10. dxe5 g6 11. Be4 N7b6 12. Bd2 Bd7 13. Nc3 Nxc3 14. Bxc3 Bc6
15. Bxc6+ Qxc6 16. Rc1 Nd5 17. Bb4 Qd7 18. Bxf8 Kxf8 19. Ng5 Kg7 20. Qf3 Rac8
21. g3 Rhf8 22. Ne4 Qe7 23. h4 h6 24. Rfe1 Rfd8 25. Nd6 Rxc1 26. Rxc1 f5 27.
exf6+ Qxf6 28. Qxf6+ Kxf6 29. Nxb7 Rb8 30. Nc5 Rxb2 31. Re1 Nc7 32. Nd7+ Ke7
33. Ne5 Rb3 34. a4 Ra3 35. Re4 Kf6 36. Nd7+ Ke7 37. Ne5 Kf6 38. Nd7+ Ke7 39.
Ne5 1/2-1/2

[Event "Bozen op"]
[Site "Bozen"]
[Date "1998.06.14"]
[Round "3"]
[White "Zsinka, Laszlo"]
[Black "Efimov, Igor"]
[Result "0-1"]
[WhiteElo "2365"]
[BlackElo "2525"]
[PlyCount "77"]
[EventDate "1998.06.13"]
[Source "ChessBase"]
[SourceDate "1999.11.18"]

1. d4 d6 2. e4 g6 3. c4 Bg7 4. Nc3 e5 5. d5 Ne7 6. Be3 O-O 7. Qd2 f5 8. f3 Nd7
9. Bd3 Nf6 10. h3 c5 11. g4 Bd7 12. exf5 gxf5 13. O-O-O a6 14. Nge2 b5 15. gxf5
bxc4 16. Be4 Nxf5 17. Bg5 Nd4 18. Rdg1 Kh8 19. Rg3 Qe7 20. Rhg1 Rg8 21. Qe3 Qf7
22. f4 Nh5 23. R3g2 Raf8 24. fxe5 Bxe5 25. Bh6 Rxg2 26. Rxg2 Qf1+ 27. Nd1 Nf5
28. Bxf5 Rxf5 29. Qe4 Qf3 30. Qg4 Qxg4 31. hxg4 Nf4 32. gxf5 Nxg2 33. Ne3 Nxe3
34. Bxe3 Bxf5 35. Nc3 h5 36. Bg5 Kg7 37. Kd2 Kg6 38. Bh4 Bf4+ 39. Ke2 0-1

[Event "Bozen op"]
[Site "Bozen"]
[Date "1998.06.15"]
[Round "4"]
[White "Dallaglio, Giovanni"]
[Black "Jaenig, Reinhard"]
[Result "1/2-1/2"]
[WhiteElo "2055"]
[BlackElo "2215"]
[PlyCount "115"]
[EventDate "1998.06.13"]
[Source "ChessBase"]
[SourceDate "1999.11.18"]

1. d4 Nf6 2. Nf3 c5 3. d5 e6 4. c4 exd5 5. cxd5 d6 6. Nc3 g6 7. e4 Bg7 8. Be2
O-O 9. Nd2 Re8 10. O-O Na6 11. f3 Nh5 12. Nc4 Bd4+ 13. Be3 Bxe3+ 14. Nxe3 Qg5
15. Qc1 Nf4 16. Kh1 Nxe2 17. Nxe2 Bd7 18. Nc3 b5 19. Ng4 Qe7 20. Qf4 Bxg4 21.
fxg4 Nc7 22. Rf3 Rf8 23. g5 Rae8 24. a4 b4 25. Nb5 Nxb5 26. axb5 Qxe4 27. Qxd6
Rd8 28. Qxc5 Rxd5 29. Qxa7 Rxb5 30. Qf2 Rxg5 31. Re1 Qd5 32. b3 Re5 33. Rf1 f5
34. Qb6 Re4 35. Rg3 Kg7 36. h3 Rfe8 37. Qa7+ R8e7 38. Qa1+ Qe5 39. Qxe5+ R4xe5
40. Rd3 Re3 41. Rfd1 Rxd3 42. Rxd3 Kf6 43. Kh2 Re4 44. Kg3 Ke5 45. Kf2 h5 46.
Rd8 h4 47. Rg8 Kf6 48. Rb8 g5 49. Rb5 g4 50. hxg4 Rxg4 51. Rb8 Kg5 52. Rg8+ Kf4
53. Rb8 Ke5 54. Rb5+ Kf6 55. Rb8 Rd4 56. Ke3 Re4+ 57. Kf3 Rg4 58. Kf2 1/2-1/2

[Event "Bozen op"]
[Site "Bozen"]
[Date "1998.06.15"]
[Round "4"]
[White "De Eccher, Stefano"]
[Black "Jurkovic, Ante"]
[Result "1/2-1/2"]
[WhiteElo "2265"]
[BlackElo "2320"]
[PlyCount "131"]
[EventDate "1998.06.13"]
[Source "ChessBase"]
[SourceDate "1999.11.18"]

1. e4 e6 2. d4 d5 3. Nc3 Nf6 4. e5 Nfd7 5. f4 c5 6. Nf3 Nc6 7. Be3 a6 8. Qd2 b5
9. Be2 Qb6 10. O-O cxd4 11. Nxd4 Bc5 12. Rad1 Bb7 13. Rf3 Nxd4 14. Bxd4 Bxd4+
15. Qxd4 Rc8 16. a3 Ke7 17. Rg3 g6 18. Rgd3 Rc7 19. R1d2 Rhc8 20. Qxb6 Nxb6 21.
Rd4 Bc6 22. Nd1 Bd7 23. c3 Rb8 24. Bf1 Rcb7 25. Rf2 a5 26. Ne3 h5 27. g3 Na4
28. h3 Nc5 29. Bg2 Rc7 30. g4 hxg4 31. hxg4 Nb3 32. Rd1 b4 33. axb4 axb4 34.
cxb4 Rxb4 35. Bxd5 Rc5 36. Bg2 Ra4 37. Kh2 g5 38. f5 Rxe5 39. Re1 Rxg4 40. fxe6
Rxe6 41. Bh3 Rge4 42. Bxe6 Kxe6 43. Ng2 Bc6 44. Ref1 Be8 45. Rf6+ Ke7 46. R6f5
Re2 47. Re1 Rxe1 48. Nxe1 f6 49. Rf3 Bf7 50. Re3+ Kd6 51. Nf3 Na5 52. b4 Nc4
53. Rd3+ Kc6 54. Nd4+ Kd5 55. Ne2+ Kc6 56. Rf3 Kb5 57. Rxf6 Be8 58. Rf8 Nd6 59.
Rf6 Nc4 60. Re6 Bd7 61. Re7 Bg4 62. Nc3+ Kxb4 63. Ne4 Bc8 64. Rc7 Ba6 65. Nxg5
Bb5 66. Ne4 1/2-1/2

[Event "Bozen op"]
[Site "Bozen"]
[Date "1998.06.15"]
[Round "4"]
[White "Efimov, Igor"]
[Black "Hamdouchi, Hichem"]
[Result "0-1"]
[WhiteElo "2525"]
[BlackElo "2535"]
[PlyCount "86"]
[EventDate "1998.06.13"]
[Source "ChessBase"]
[SourceDate "1999.11.18"]

1. c4 e5 2. Nc3 Nc6 3. Nf3 g6 4. e3 d6 5. d4 Bg7 6. h3 Bd7 7. Be2 f5 8. a3 Nf6
9. b4 e4 10. Nd2 O-O 11. Bb2 f4 12. Nf1 g5 13. Qb3 Ne7 14. h4 gxh4 15. exf4 Ng6
16. g3 Ng4 17. Nxe4 Qe7 18. Nfd2 Bf5 19. Bxg4 Bxg4 20. O-O hxg3 21. fxg3 Rae8
22. Rae1 Qd7 23. d5 Bh3 24. Rf2 h5 25. Rfe2 Re7 26. Kh2 h4 27. Ng5 Rxe2+ 28.
Rxe2 Qg4 29. Rf2 Bxb2 30. Nxh3 Re8 31. a4 Bd4 32. Rg2 Re3 33. Qxe3 Bxe3 34. Ne4
Kf8 35. Nf6 Qf5 36. Nh7+ Kg8 37. N7g5 hxg3+ 38. Rxg3 Bxf4 39. Nxf4 Qxf4 40. Ne6
Qe5 41. Kg2 Kf7 42. Rf3+ Ke7 43. Rg3 Nf4+ 0-1

[Event "Bozen op"]
[Site "Bozen"]
[Date "1998.06.15"]
[Round "4"]
[White "Godena, Michele"]
[Black "Mrdja, Milan"]
[Result "1-0"]
[WhiteElo "2500"]
[BlackElo "2380"]
[PlyCount "100"]
[EventDate "1998.06.13"]
[Source "ChessBase"]
[SourceDate "1999.11.18"]

1. e4 e5 2. Nf3 d6 3. Bc4 Nc6 4. O-O g6 5. c3 Bg7 6. d4 Nge7 7. dxe5 dxe5 8.
Qe2 O-O 9. b4 Qe8 10. Na3 Bd7 11. Rd1 Nd8 12. Nb5 Bxb5 13. Bxb5 c6 14. Bc4 Nc8
15. a4 Ne6 16. Be3 Qe7 17. Qa2 Nb6 18. Bb3 Rfd8 19. a5 Nd7 20. Bxe6 fxe6 21.
Rd3 Nf6 22. Bc5 Qe8 23. Rxd8 Rxd8 24. Ng5 Qe7 25. Qxe6+ Qxe6 26. Nxe6 Rd3 27.
Nxg7 Kxg7 28. f3 Rxc3 29. Bxa7 Nh5 30. Bb8 Kf6 31. a6 bxa6 32. Rxa6 Nf4 33. g3
Ne2+ 34. Kg2 Nd4 35. f4 exf4 36. gxf4 Ke6 37. Be5 Rc2+ 38. Kg3 Nb5 39. Ra8 g5
40. Re8+ Kf7 41. Rh8 gxf4+ 42. Kxf4 Kg6 43. Rg8+ Kf7 44. Rg7+ Ke6 45. Rxh7 Rc4
46. Rh6+ Kd7 47. Rh7+ Ke6 48. Rh6+ Kd7 49. h4 Rxb4 50. h5 Rb1 1-0

[Event "Bozen op"]
[Site "Bozen"]
[Date "1998.06.15"]
[Round "4"]
[White "Luciani, Valerio"]
[Black "Borgo, Giulio"]
[Result "0-1"]
[WhiteElo "2220"]
[BlackElo "2430"]
[PlyCount "42"]
[EventDate "1998.06.13"]
[Source "ChessBase"]
[SourceDate "1999.11.18"]

1. d4 d5 2. Nf3 c6 3. c4 e6 4. Nc3 Nf6 5. cxd5 exd5 6. Bg5 Nbd7 7. e3 Qa5 8.
Bd3 Ne4 9. Qc2 Nxg5 10. Nxg5 h6 11. Nf3 Bd6 12. O-O Nf6 13. Ne5 Bxe5 14. dxe5
Ng4 15. Bf5 Nxe5 16. Bxc8 Rxc8 17. Qf5 Qc7 18. Rac1 Rd8 19. f4 Nc4 20. Nxd5
cxd5 21. b3 Nxe3 0-1

[Event "Bozen op"]
[Site "Bozen"]
[Date "1998.06.15"]
[Round "4"]
[White "Manca, Federico"]
[Black "Komarov, Dimitri"]
[Result "1/2-1/2"]
[WhiteElo "2375"]
[BlackElo "2580"]
[PlyCount "56"]
[EventDate "1998.06.13"]
[Source "ChessBase"]
[SourceDate "1999.11.18"]

1. e4 c5 2. c3 d5 3. exd5 Qxd5 4. d4 g6 5. dxc5 Qxc5 6. Be3 Qc7 7. Na3 a6 8.
Nc4 Nd7 9. a4 Bg7 10. a5 Nh6 11. Nf3 Nf5 12. Bb6 Nxb6 13. Nxb6 Rb8 14. Bc4 O-O
15. O-O Rd8 16. Qe2 Bd7 17. Rfe1 e6 18. Ng5 Nd6 19. Bb3 Bc6 20. Qg4 Re8 21. h3
h5 22. Qf3 Nb5 23. Qe3 Rbd8 24. Rad1 Rxd1 25. Rxd1 Qe5 26. Qxe5 Bxe5 27. Nd7
Bg7 28. Nc5 Bf6 1/2-1/2

[Event "Bozen op"]
[Site "Bozen"]
[Date "1998.06.15"]
[Round "4"]
[White "Ruzzier, Dario"]
[Black "Vegh, Endre"]
[Result "1/2-1/2"]
[WhiteElo "2095"]
[BlackElo "2350"]
[PlyCount "36"]
[EventDate "1998.06.13"]
[Source "ChessBase"]
[SourceDate "1999.11.18"]

1. d4 f5 2. c4 Nf6 3. Nf3 g6 4. g3 Bg7 5. Bg2 O-O 6. O-O d6 7. Nc3 Qe8 8. d5
Na6 9. Re1 Bd7 10. Nd4 c6 11. e4 fxe4 12. Nxe4 Nxe4 13. Rxe4 cxd5 14. cxd5 Nc5
15. Rf4 Rxf4 16. Bxf4 a5 17. Qc2 Qf7 18. Rd1 Kh8 1/2-1/2

[Event "Bozen op"]
[Site "Bozen"]
[Date "1998.06.15"]
[Round "4"]
[White "Skembris, Spyridon"]
[Black "Hillarp Persson, Tiger"]
[Result "1-0"]
[WhiteElo "2490"]
[BlackElo "2410"]
[PlyCount "81"]
[EventDate "1998.06.13"]
[Source "ChessBase"]
[SourceDate "1999.11.18"]

1. d4 g6 2. e4 Bg7 3. c4 d6 4. Nc3 Nf6 5. Bd3 O-O 6. Nge2 e5 7. d5 Nh5 8. O-O
f5 9. exf5 gxf5 10. f4 Nd7 11. fxe5 Nxe5 12. Nf4 Nxf4 13. Bxf4 Bd7 14. Qd2 Qf6
15. Rad1 Rae8 16. Bc2 a6 17. h3 h6 18. Rf2 Kh7 19. Rdf1 Ng6 20. Bd3 Nxf4 21.
Rxf4 Kg8 22. Qf2 Qg5 23. Rf3 Be5 24. Ne2 Re7 25. Kh1 Rg7 26. g4 f4 27. Nxf4
Rgf7 28. h4 Qxg4 29. Rg1 Rxf4 30. Rxf4 Rxf4 31. Qa7 Qxg1+ 32. Qxg1+ Bg4 33. Bf5
h5 34. Bxg4 hxg4 35. Qa7 Rxc4 36. Qxb7 Rc1+ 37. Kg2 Rc2+ 38. Kf1 Kg7 39. Qc8 g3
40. Qg4+ Kf6 41. Qg5+ 1-0

[Event "Bozen op"]
[Site "Bozen"]
[Date "1998.06.16"]
[Round "5"]
[White "Bernardi, Ruben"]
[Black "Crea, Vincenzo"]
[Result "0-1"]
[WhiteElo "2500"]
[BlackElo "2120"]
[PlyCount "132"]
[EventDate "1998.06.13"]
[Source "ChessBase"]
[SourceDate "1999.11.18"]

1. e4 e6 2. d4 d5 3. Nd2 dxe4 4. Nxe4 Qd5 5. Bd3 Nf6 6. f3 Nc6 7. Ne2 e5 8. Be3
Bd7 9. O-O Nxd4 10. Nxf6+ gxf6 11. Nxd4 exd4 12. Be4 Qh5 13. Qxd4 Bd6 14. f4
Bc6 15. Bxc6+ bxc6 16. Qxf6 Rg8 17. Rf2 Kd7 18. c4 Rae8 19. Re1 Re6 20. Qd4
Rge8 21. Rf3 Qa5 22. Rd1 Re4 23. Qxa7 Qxa7 24. Bxa7 Rxc4 25. Rfd3 Kc8 26. g3 c5
27. Bb6 Re2 28. R3d2 Rxd2 29. Rxd2 Ra4 30. b3 Ra6 31. Bxc5 Bxc5+ 32. Kg2 Re6
33. Kf3 c6 34. Rc2 Bb6 35. f5 Re3+ 36. Kf4 Kd7 37. Rd2+ Kc7 38. Rc2 Kd6 39. g4
Kd5 40. Rd2+ Bd4 41. h4 h6 42. g5 Re4+ 43. Kg3 h5 44. Rc2 Be5+ 45. Kh3 Re3+ 46.
Kg2 Rg3+ 47. Kf1 Rh3 48. Rc4 Bd4 49. Kg2 Rxh4 50. g6 Rg4+ 51. Kh3 fxg6 52. fxg6
Rxg6 53. Kh4 Rh6 54. a4 Bf6+ 55. Kh3 Rh8 56. Rg4 Be7 57. Rf4 Ke6 58. Rf3 Rb8
59. Rd3 Rb4 60. Re3+ Kd6 61. Kg3 Bf6 62. Rf3 Be5+ 63. Kh3 Rf4 64. Rd3+ Kc5 65.
Re3 Kd4 66. Rg3 Rf2 0-1

[Event "Bozen op"]
[Site "Bozen"]
[Date "1998.06.16"]
[Round "5"]
[White "Dinser, Hans"]
[Black "Dallaglio, Giovanni"]
[Result "0-1"]
[WhiteElo "2045"]
[BlackElo "2055"]
[PlyCount "66"]
[EventDate "1998.06.13"]
[Source "ChessBase"]
[SourceDate "1999.11.18"]

1. d4 d5 2. c4 dxc4 3. e4 Nf6 4. e5 Nd5 5. Bxc4 e6 6. Nf3 Be7 7. Nc3 b6 8. O-O
O-O 9. Nxd5 exd5 10. Bd3 Ba6 11. Bf4 c5 12. Bxa6 Nxa6 13. Qa4 Nc7 14. dxc5 bxc5
15. Rad1 d4 16. Nxd4 cxd4 17. Rxd4 Qe8 18. Qxe8 Rfxe8 19. Rd7 Ne6 20. Be3 Bc5
21. Bxc5 Nxc5 22. Rd5 Ne6 23. f4 Red8 24. Ra5 Rd4 25. g3 h5 26. h4 Rd2 27. Rf2
Rd3 28. Kg2 g6 29. Ra6 Nd4 30. Rd6 Rc8 31. Rd7 Rd1 32. b4 Rcc1 33. Rxd4 Rxd4
0-1

[Event "Bozen op"]
[Site "Bozen"]
[Date "1998.06.16"]
[Round "5"]
[White "Hamdouchi, Hichem"]
[Black "Godena, Michele"]
[Result "0-1"]
[WhiteElo "2535"]
[BlackElo "2500"]
[PlyCount "80"]
[EventDate "1998.06.13"]
[Source "ChessBase"]
[SourceDate "1999.11.18"]

1. e4 c5 2. Nf3 Nc6 3. d4 cxd4 4. Nxd4 Nf6 5. Nc3 d6 6. Bg5 e6 7. Qd2 a6 8.
O-O-O h6 9. Be3 Nxd4 10. Bxd4 b5 11. f4 Be7 12. Kb1 b4 13. Na4 Nxe4 14. Qxb4 d5
15. Qe1 O-O 16. Bd3 Nd6 17. Nb6 Rb8 18. Nxc8 Rxc8 19. Bxa6 Ra8 20. Bd3 Ra4 21.
c3 Qa8 22. Qg3 f6 23. Qg6 Rb8 24. Rd2 Rxa2 25. Qh7+ Kf8 26. Qh8+ Kf7 27. Qxb8
Qxb8 28. Kxa2 Ne4 29. Bxe4 Qxf4 30. Re2 dxe4 31. b4 e5 32. Be3 Qg4 33. Rd2 Qe6+
34. Kb2 f5 35. g3 g5 36. Rhd1 f4 37. Bc5 e3 38. Rd7 e2 39. R1d6 Qxd6 40. Bxd6
Ke6 0-1

[Event "Bozen op"]
[Site "Bozen"]
[Date "1998.06.16"]
[Round "5"]
[White "Hillarp Persson, Tiger"]
[Black "Lugovoi, Aleksei"]
[Result "0-1"]
[WhiteElo "2410"]
[BlackElo "2440"]
[PlyCount "44"]
[EventDate "1998.06.13"]
[Source "ChessBase"]
[SourceDate "1999.11.18"]

1. d4 Nf6 2. c4 e6 3. Nc3 Bb4 4. Qc2 c5 5. dxc5 Na6 6. a3 Bxc3+ 7. Qxc3 Nxc5 8.
b4 Nce4 9. Qd4 d5 10. cxd5 O-O 11. Bb2 e5 12. Qd3 Bf5 13. Qb3 Qb6 14. e3 a5 15.
Bxe5 axb4 16. f3 Nc5 17. Qxb4 Nd3+ 18. Bxd3 Qxe3+ 19. Be2 Qxe5 20. Rd1 Nxd5 21.
Qd4 Qxd4 22. Rxd4 Ne3 0-1

[Event "Bozen op"]
[Site "Bozen"]
[Date "1998.06.16"]
[Round "5"]
[White "Jurkovic, Ante"]
[Black "Trabert, Bettina"]
[Result "0-1"]
[WhiteElo "2320"]
[BlackElo "2200"]
[PlyCount "94"]
[EventDate "1998.06.13"]
[Source "ChessBase"]
[SourceDate "1999.11.18"]

1. e4 e5 2. Nf3 Nc6 3. Bb5 a6 4. Ba4 Nf6 5. O-O Be7 6. Re1 b5 7. Bb3 d6 8. c3
O-O 9. d3 Na5 10. Bc2 c5 11. Nbd2 Qc7 12. Nf1 Re8 13. Ng3 g6 14. Bg5 Nc6 15.
Nd2 Nd7 16. Bxe7 Rxe7 17. a4 Rb8 18. axb5 axb5 19. Ndf1 Nf6 20. Qd2 Kg7 21. Ne3
h6 22. Rf1 Be6 23. f4 exf4 24. Rxf4 Ng8 25. d4 cxd4 26. cxd4 Qb6 27. d5 Bxd5
28. Ra6 Qxa6 29. exd5 Ne5 30. Ngf5+ gxf5 31. Nxf5+ Kf8 32. Nxe7 Kxe7 33. Rf1
Qb6+ 34. Kh1 Qc5 35. Bh7 Rc8 36. h3 Qc4 37. Qf4 Qxd5 38. Qh4+ f6 39. Qg3 Qf7
40. Bf5 Rc7 41. Qf2 Qc4 42. Bh7 Kf8 43. Bxg8 Kxg8 44. Qxf6 Rf7 45. Qd8+ Kg7 46.
Rg1 d5 47. Qd6 Nd3 0-1

[Event "Bozen op"]
[Site "Bozen"]
[Date "1998.06.16"]
[Round "5"]
[White "Komarov, Dimitri"]
[Black "Farago, Ivan"]
[Result "1/2-1/2"]
[WhiteElo "2580"]
[BlackElo "2475"]
[PlyCount "35"]
[EventDate "1998.06.13"]
[Source "ChessBase"]
[SourceDate "1999.11.18"]

1. d4 Nf6 2. Nf3 d5 3. c4 e6 4. Bg5 h6 5. Bxf6 Qxf6 6. Nc3 Bb4 7. e3 O-O 8. Rc1
dxc4 9. Bxc4 c5 10. O-O cxd4 11. exd4 Nc6 12. Ne4 Qf4 13. Qe2 Rd8 14. g3 Qg4
15. Qe3 Bd7 16. Be2 Qf5 17. Bd3 Qh5 18. a3 1/2-1/2

[Event "Bozen op"]
[Site "Bozen"]
[Date "1998.06.16"]
[Round "5"]
[White "Mrdja, Milan"]
[Black "De Eccher, Stefano"]
[Result "1/2-1/2"]
[WhiteElo "2380"]
[BlackElo "2265"]
[PlyCount "86"]
[EventDate "1998.06.13"]
[Source "ChessBase"]
[SourceDate "1999.11.18"]

1. e4 e5 2. Nf3 Nc6 3. Bb5 a6 4. Ba4 d6 5. c3 Bd7 6. O-O Nge7 7. d4 Ng6 8. Nbd2
Be7 9. Re1 O-O 10. Nf1 Nh4 11. Nxh4 Bxh4 12. Ne3 Bg5 13. dxe5 dxe5 14. Nd5 Bxc1
15. Rxc1 b5 16. Bc2 Be6 17. Qh5 Rc8 18. a4 Rb8 19. axb5 axb5 20. b4 f6 21. Red1
Qc8 22. Qe2 Re8 23. Qe3 Nd8 24. Qc5 Bxd5 25. Qxd5+ Qe6 26. Bb3 Qxd5 27. Rxd5
Kf8 28. Rcd1 Nc6 29. Rc5 Rb6 30. g3 Ke7 31. f4 Rd8 32. Bd5 Rd7 33. Kf2 Nb8 34.
Bb3 Rxd1 35. Bxd1 Nd7 36. Rd5 c6 37. Rd2 Ra6 38. Bg4 Nb6 39. fxe5 fxe5 40. Kg2
Ra7 41. h4 Nc4 42. Rd3 Ra2+ 43. Kh3 Rd2 1/2-1/2

[Event "Bozen op"]
[Site "Bozen"]
[Date "1998.06.16"]
[Round "5"]
[White "Naumkin, Igor"]
[Black "Efimov, Igor"]
[Result "0-1"]
[WhiteElo "2435"]
[BlackElo "2525"]
[PlyCount "106"]
[EventDate "1998.06.13"]
[Source "ChessBase"]
[SourceDate "1999.11.18"]

1. d4 e6 2. c4 c5 3. d5 exd5 4. cxd5 d6 5. e4 g6 6. Nc3 Bg7 7. Nf3 Ne7 8. Be2
O-O 9. O-O a6 10. a4 Bg4 11. Nd2 Bxe2 12. Qxe2 Nd7 13. a5 Qc7 14. Nc4 Ne5 15.
Bf4 Nxc4 16. Qxc4 h6 17. Na4 Rae8 18. Ra3 g5 19. Bd2 f5 20. exf5 Nxf5 21. b4
Bd4 22. bxc5 dxc5 23. Nb6 Nd6 24. Qd3 Qf7 25. Bc3 Bxf2+ 26. Kh1 Re3 27. Qd1 Ne4
28. Bb2 Re1 29. Qxe1 Bxe1 30. Rxf7 Rxf7 31. h3 Rf1+ 32. Kh2 Bf2 33. g4 Bh4 34.
Be5 Rf2+ 35. Kg1 Rd2 36. Rf3 Bf2+ 37. Kh1 Bd4 38. Bxd4 Rxd4 39. Nc8 Rd1+ 40.
Kg2 Rd2+ 41. Kf1 Kg7 42. Ne7 c4 43. Ke1 Rd3 44. Nf5+ Kf6 45. Ne3+ Ke7 46. Nf5+
Kd7 47. Rxd3 cxd3 48. Kd1 Kc7 49. Kc1 b5 50. Kb2 b4 51. Kb3 d2 52. Ne3 Nf2 53.
Kc2 d1=Q+ 0-1

[Event "Bozen op"]
[Site "Bozen"]
[Date "1998.06.16"]
[Round "5"]
[White "Timoshchenko, Gennadi A"]
[Black "Skembris, Spyridon"]
[Result "1/2-1/2"]
[WhiteElo "2520"]
[BlackElo "2490"]
[PlyCount "55"]
[EventDate "1998.06.13"]
[Source "ChessBase"]
[SourceDate "1999.11.18"]

1. Nf3 Nf6 2. c4 c5 3. Nc3 Nc6 4. d4 cxd4 5. Nxd4 g6 6. e4 Bg7 7. Be3 O-O 8.
Be2 b6 9. O-O Bb7 10. f3 Rc8 11. Qd2 d6 12. Rac1 a6 13. Rfd1 Nd7 14. Nxc6 Bxc6
15. b4 Re8 16. Bf1 Bb7 17. Nd5 a5 18. a3 axb4 19. axb4 Rb8 20. Qf2 Bxd5 21.
cxd5 b5 22. Rc6 Rb7 23. Rdc1 Qa8 24. Rc7 Reb8 25. Rxb7 Rxb7 26. Qc2 Qa3 27.
Qc8+ Bf8 28. Bf2 1/2-1/2

[Event "Bozen op"]
[Site "Bozen"]
[Date "1998.06.16"]
[Round "5"]
[White "Vegh, Endre"]
[Black "Luciani, Valerio"]
[Result "1-0"]
[WhiteElo "2350"]
[BlackElo "2220"]
[PlyCount "59"]
[EventDate "1998.06.13"]
[Source "ChessBase"]
[SourceDate "1999.11.18"]

1. d4 f5 2. Nf3 Nf6 3. Bg5 e6 4. Nbd2 Be7 5. Bxf6 Bxf6 6. e4 fxe4 7. Nxe4 b6 8.
Bd3 Bb7 9. Qe2 Qe7 10. O-O-O Nc6 11. c3 O-O-O 12. Ba6 Rhe8 13. Rhe1 d5 14. Nc5
bxc5 15. Bxb7+ Kxb7 16. Qb5+ Kc8 17. Qxc6 cxd4 18. cxd4 Qd6 19. Qc2 g6 20. Kb1
Qb6 21. Re3 Kd7 22. Rb3 Qd6 23. Rc1 Rb8 24. Rc3 Rb7 25. Rc6 Qf4 26. Ka1 Rc8 27.
Qa4 Kd8 28. Re1 Rb6 29. Rcxe6 Rcb8 30. Re8# 1-0

[Event "Bozen op"]
[Site "Bozen"]
[Date "1998.06.16"]
[Round "5"]
[White "Zlochevskij, Alexander"]
[Black "Zsinka, Laszlo"]
[Result "1/2-1/2"]
[WhiteElo "2435"]
[BlackElo "2365"]
[PlyCount "44"]
[EventDate "1998.06.13"]
[Source "ChessBase"]
[SourceDate "1999.11.18"]

1. d4 c5 2. d5 e5 3. e4 d6 4. Nc3 g6 5. g3 Bg7 6. Bg2 a6 7. a4 b6 8. Nf3 Ne7 9.
O-O O-O 10. Nd2 Nd7 11. Nc4 Qc7 12. f4 f5 13. exf5 gxf5 14. fxe5 Nxe5 15. Nxe5
Bxe5 16. Ne2 Ng6 17. c3 Bd7 18. Bh6 Rf7 19. Qc2 Re7 20. Rf2 Qd8 21. Raf1 Bg7
22. Bxg7 Kxg7 1/2-1/2

[Event "Bozen op"]
[Site "Bozen"]
[Date "1998.06.17"]
[Round "6"]
[White "Belotti, Bruno"]
[Black "Mitkov, Nikola"]
[Result "0-1"]
[WhiteElo "2420"]
[BlackElo "2500"]
[PlyCount "104"]
[EventDate "1998.06.13"]
[Source "ChessBase"]
[SourceDate "1999.11.18"]

1. Nf3 d5 2. g3 Bg4 3. Bg2 Nd7 4. O-O e6 5. d3 Bd6 6. e4 Ne7 7. Qe1 O-O 8. Nh4
Bh5 9. f4 dxe4 10. Qxe4 c6 11. Nd2 a5 12. Kh1 a4 13. a3 Nf6 14. Qe1 Nf5 15.
Nhf3 Bc5 16. Nc4 Nd5 17. Bh3 b5 18. Nce5 Nde3 19. g4 Nxc2 20. Qc3 Nxa1 21. Qxc5
Nb3 22. Qg1 Bxg4 23. Bxg4 Rc8 24. Bh3 f6 25. Ng4 Qxd3 26. Bg2 Rcd8 27. Re1 Rd6
28. Ne3 Nxc1 29. Nxf5 Qxf5 30. Rxc1 Qxf4 31. Qe1 Rfd8 32. Ng1 c5 33. Rxc5 e5
34. Qc3 Rd1 35. Rc8 Qd4 36. Qxd4 R1xd4 37. Rc5 b4 38. Ra5 bxa3 39. bxa3 Rc8 40.
h3 h5 41. Ne2 Rd2 42. Ng3 Rd1+ 43. Nf1 Rd4 44. Kh2 h4 45. Ne3 Rf4 46. Nd5 Rd4
47. Ra7 Rc2 48. Ne3 Re2 49. Nf5 Rf4 50. Ne7+ Kh7 51. Kg1 Re1+ 52. Kh2 f5 0-1

[Event "Bozen op"]
[Site "Bozen"]
[Date "1998.06.17"]
[Round "6"]
[White "Crea, Vincenzo"]
[Black "Jurkovic, Ante"]
[Result "0-1"]
[WhiteElo "2120"]
[BlackElo "2320"]
[PlyCount "148"]
[EventDate "1998.06.13"]
[Source "ChessBase"]
[SourceDate "1999.11.18"]

1. d4 Nf6 2. Nf3 g6 3. Bf4 Bg7 4. e3 d6 5. h3 c5 6. Nbd2 Nc6 7. c3 O-O 8. Be2
cxd4 9. cxd4 Bf5 10. O-O Nb4 11. Qb3 a5 12. Rfc1 Be6 13. Bc4 Bxc4 14. Qxc4 Rc8
15. Qb3 Qb6 16. a3 Nbd5 17. Qxb6 Nxb6 18. Ne1 Rfd8 19. Bg5 Kf8 20. Bxf6 Bxf6
21. Ne4 Bg7 22. Nd3 Ke8 23. Kf1 Kd7 24. Ke2 f5 25. Nc3 Rc6 26. Nb5 Rdc8 27. Na7
Rxc1 28. Rxc1 Rxc1 29. Nxc1 e5 30. Kd3 exd4 31. exd4 Nd5 32. Ne2 Nc7 33. Nc3
Ne6 34. Ne2 Bh6 35. Nb5 Kc6 36. Nbc3 d5 37. a4 Nc7 38. Ng1 Na6 39. Nb5 Nb4+ 40.
Kc3 Na2+ 41. Kc2 Nb4+ 42. Kc3 Na6 43. Nf3 Bg7 44. Kd3 Kd7 45. Ng1 Nb4+ 46. Kc3
Nc6 47. Ne2 Ne7 48. Kd3 Ng8 49. Nf4 Nf6 50. Nc3 Kc6 51. f3 Bh6 52. Nfe2 Ne8 53.
g4 Nd6 54. b3 Bg5 55. Ng3 fxg4 56. fxg4 Ne8 57. Nf1 Nc7 58. Nh2 Ne6 59. Ne2 Bf6
60. Nf3 b5 61. h4 bxa4 62. bxa4 Kd6 63. Ke3 Nf8 64. Nf4 Nd7 65. Nd3 Bg7 66. Nd2
Nb6 67. Nc5 Nc4+ 68. Nxc4+ dxc4 69. Ne4+ Ke6 70. Nc3 Bf6 71. h5 Bg5+ 72. Ke4
Bd2 73. hxg6 hxg6 74. Nd5 c3 0-1

[Event "Bozen op"]
[Site "Bozen"]
[Date "1998.06.17"]
[Round "6"]
[White "De Eccher, Stefano"]
[Black "Naumkin, Igor"]
[Result "0-1"]
[WhiteElo "2265"]
[BlackElo "2435"]
[PlyCount "69"]
[EventDate "1998.06.13"]
[Source "ChessBase"]
[SourceDate "1999.11.18"]

1. e4 e6 2. d4 d5 3. Nc3 Bb4 4. Nge2 Nf6 5. e5 Ne4 6. Qd3 O-O 7. a3 Bxc3+ 8.
bxc3 f6 9. f3 Ng5 10. h4 Nf7 11. f4 Nh6 12. Ng3 b6 13. Nh5 Ba6 14. Qg3 Nf5 15.
Qh3 Bxf1 16. Kxf1 fxe5 17. dxe5 Nd7 18. g4 Ne7 19. Ke2 Nc5 20. Be3 Ne4 21. Raf1
Qd7 22. f5 exf5 23. gxf5 Nxf5 24. Nf6+ Nxf6 25. Rxf5 Qb5+ 26. Kd1 Ne4 27. Rhf1
Nxc3+ 28. Kd2 Ne4+ 29. Kc1 Rxf5 30. Qxf5 Qe8 31. e6 Qf8 32. Qf7+ Qxf7 33. Rxf7
c5 34. Rd7 Nf6 35. Rb7 0-1

[Event "Bozen op"]
[Site "Bozen"]
[Date "1998.06.17"]
[Round "6"]
[White "Godena, Michele"]
[Black "Komarov, Dimitri"]
[Result "1/2-1/2"]
[WhiteElo "2500"]
[BlackElo "2580"]
[PlyCount "24"]
[EventDate "1998.06.13"]
[Source "ChessBase"]
[SourceDate "1999.11.18"]

1. e4 e6 2. d4 d5 3. Nd2 c5 4. Ngf3 cxd4 5. Nxd4 Nc6 6. Bb5 Bd7 7. Nxc6 Bxc6 8.
Bxc6+ bxc6 9. c4 Bc5 10. exd5 cxd5 11. Qa4+ Qd7 12. Qxd7+ Kxd7 1/2-1/2

[Event "Bozen op"]
[Site "Bozen"]
[Date "1998.06.17"]
[Round "6"]
[White "Jaenig, Reinhard"]
[Black "Luciani, Valerio"]
[Result "1-0"]
[WhiteElo "2215"]
[BlackElo "2220"]
[PlyCount "77"]
[EventDate "1998.06.13"]
[Source "ChessBase"]
[SourceDate "1999.11.18"]

1. e4 e6 2. c4 d5 3. exd5 exd5 4. d4 Nc6 5. Nf3 Bg4 6. Be2 Nf6 7. O-O Be7 8. h3
Be6 9. Ng5 Bf5 10. Nc3 O-O 11. c5 Re8 12. Be3 h6 13. Nf3 Ne4 14. Qb3 Nxc3 15.
Qxc3 Bf6 16. b4 Ne7 17. Ne5 Bxe5 18. dxe5 Nc6 19. Bf4 d4 20. Qg3 Nxb4 21. Bxh6
Bg6 22. Bc4 Kf8 23. Bg5 Qd7 24. Qh4 Kg8 25. f4 Nc2 26. f5 Bxf5 27. Rxf5 Qxf5
28. Rf1 Qh7 29. Qg3 Rf8 30. Bd3 Qh5 31. Bxc2 Rae8 32. Bf6 Qh6 33. Rf4 Re6 34.
Rh4 Qe3+ 35. Qxe3 dxe3 36. Rg4 g6 37. Rh4 Rxf6 38. exf6 Re8 39. Re4 1-0

[Event "Bozen op"]
[Site "Bozen"]
[Date "1998.06.17"]
[Round "6"]
[White "Lugovoi, Aleksei"]
[Black "Farago, Ivan"]
[Result "1/2-1/2"]
[WhiteElo "2540"]
[BlackElo "2475"]
[PlyCount "41"]
[EventDate "1998.06.13"]
[Source "ChessBase"]
[SourceDate "1999.11.18"]

1. d4 Nf6 2. c4 e6 3. Nf3 b6 4. Nc3 Bb7 5. a3 d5 6. cxd5 Nxd5 7. Qc2 Nxc3 8.
bxc3 c5 9. e4 Be7 10. Bd3 Qc8 11. O-O cxd4 12. Bb5+ Nc6 13. cxd4 O-O 14. Qe2 a6
15. Bd3 b5 16. Bb2 Na5 17. Rad1 Nc4 18. Rc1 Qd8 19. Bxc4 bxc4 20. Rfd1 Rc8 21.
Ne5 1/2-1/2